Anteproyecto arquitectónico del centro regional de rehabilitación y educación temprana Los Pipitos, Juigalpa, para la zona central y atlántica de Nicaragua.
Se pretende brindar con el presente estudio una respuesta a las necesidades de diseño y construcción de un centro de atención especializada para atenderá personas con discapacidad. Por tal razón se propone realizar el "Anteproyecto Arquitectónico del Centro Regional de rehabilitación y E...
| Main Authors: | , , |
|---|---|
| Other Authors: | |
| Format: | Tesis Section = Libro |
| Language: | Undetermined Spanish |
| Published: |
Managua
UNI
2013
|
| Subjects: |
| LEADER | 01488nam a2200253Ia 4500 | ||
|---|---|---|---|
| 008 | 240830s9999 xx 000 0 und d | ||
| 040 | |a BIBLIOTECA-RUSB/ Mon 725.51 H557 | ||
| 041 | |a spa | ||
| 082 | |a Mon 725.51 H557 | ||
| 100 | 1 | |a Hernández Sánchez, Augusto Cesar | |
| 100 | 1 | |b Chavarría Rosales, Néstor Lenin | |
| 100 | 1 | |c Orozco Urbina, Víctor ReinaldoI | |
| 245 | 1 | 0 | |a Anteproyecto arquitectónico del centro regional de rehabilitación y educación temprana Los Pipitos, Juigalpa, para la zona central y atlántica de Nicaragua. |
| 260 | |a Managua |b UNI |c 2013 | ||
| 300 | |a 191 p. :il. | ||
| 502 | |a Tesis (Arquitecto) - UNI, 2013. | ||
| 520 | 3 | |a Se pretende brindar con el presente estudio una respuesta a las necesidades de diseño y construcción de un centro de atención especializada para atenderá personas con discapacidad. Por tal razón se propone realizar el "Anteproyecto Arquitectónico del Centro Regional de rehabilitación y Educación Temprana Los Pipitos para la Zona Central y Atlántica de Nicaragua. (Juigalpa), se pretende vincular y aplicar aspectos del conocimiento científico y tecnológico en el tema a desarrollar, en donde deberán aplicarse juicios de diseño en centros especializados. | |
| 650 | 7 | |a CENTRO DE AYUDA EDUCATIVAS | |
| 650 | 7 | |b DISEÑO ARQUITECTÓNICO | |
| 650 | 7 | |c AQUITECTURA – DISEÑO Y PLANOS | |
| 700 | 1 | |a Tutor: |b Chávez Mairena, Luis Eduardo | |
| 942 | |c BK |2 ddc | ||
| 991 | |a TESIS | ||
| 999 | |c 21254 | ||